Способ получения диоксида олова

Bibliografiske detaljer
Institution som forfatter: Национальный исследовательский Томский политехнический университет (ТПУ)
Andre forfattere: Балмашнов М. А., Коробочкин В. В. Валерий Васильевич, Усольцева Н. В. Наталья Васильевна, Горлушко Д. А., Бочкарева В. В.
Summary:опубл. 10.09.11
Патентуется способ получения SnO2, включающий электрохим. окисление металла, отличающийся тем, что окисление проводят в нейтральном растворе NaCl с концентрацией 3-25 мас.% при плотности переменного синусоидального тока 1-3 А/см2 пром. частоты и 100°С, сушку полученного порошка проводят при 120°С в течение 3 ч. Полученный по предлагаемому способу SnO2 обладает высокой уд. площадью поверхности. Достигается это проведением электросинтеза в условиях максимально удаленных от состояния равновесия. Достичь таких условий позволяет применение переменного синусоидального тока пром. частоты.
В фонде НТБ ТПУ отсутствует
Sprog:russisk
Udgivet:
Fag:
Format: MixedMaterials Bog
KOHA link:https://koha.lib.tpu.ru/cgi-bin/koha/opac-detail.pl?biblionumber=597503

MARC

LEADER 00000nam0a2200000 4500
001 597503
005 20231222100204.0
029 1 0 |a RU  |b 2428380  |c Пат.  |d МПК C01G 19/02 (2006.01) 
035 |a (RuTPU)RU\TPU\tpu\20805 
035 |a RU\TPU\tpu\20803 
039 0 |a RU  |b 2011112094/07  |c 20110330 
090 |a 597503 
100 |a 20120228j20110910k y0rusy50 ca 
101 0 |a rus 
102 |a RU 
105 |a a k 000zy 
200 1 |a Способ получения диоксида олова  |f М. А. Балмашнов [и др.]  |g Национальный исследовательский Томский политехнический университет (ТПУ) 
300 |a опубл. 10.09.11 
330 |a Патентуется способ получения SnO2, включающий электрохим. окисление металла, отличающийся тем, что окисление проводят в нейтральном растворе NaCl с концентрацией 3-25 мас.% при плотности переменного синусоидального тока 1-3 А/см2 пром. частоты и 100°С, сушку полученного порошка проводят при 120°С в течение 3 ч. Полученный по предлагаемому способу SnO2 обладает высокой уд. площадью поверхности. Достигается это проведением электросинтеза в условиях максимально удаленных от состояния равновесия. Достичь таких условий позволяет применение переменного синусоидального тока пром. частоты. 
333 |a В фонде НТБ ТПУ отсутствует 
610 1 |a патенты 
610 1 |a труды учёных ТПУ 
701 1 |a Балмашнов  |b М. А. 
701 1 |a Коробочкин  |b В. В.  |c российский химик-технолог  |c заведующий кафедрой Томского политехнического университета, доктор технических наук  |f 1951-  |g Валерий Васильевич  |3 (RuTPU)RU\TPU\pers\27915 
701 1 |a Усольцева  |b Н. В.  |c химик-технолог  |c инженер Томского политехнического университета  |f 1985-  |g Наталья Васильевна  |3 (RuTPU)RU\TPU\pers\27928  |9 12931 
701 1 |a Горлушко  |b Д. А. 
701 1 |a Бочкарева  |b В. В. 
712 0 2 |a Национальный исследовательский Томский политехнический университет (ТПУ)  |c (2009- )  |3 (RuTPU)RU\TPU\col\15902 
801 1 |a RU  |b 63413507  |c 20120201 
801 2 |a RU  |b 63413507  |c 20140508  |g RCR 
942 |c BK